| 000 | 00766nam a22001817a 4500 | ||
|---|---|---|---|
| 999 |
_c61503 _d61503 |
||
| 005 | 20240320144749.0 | ||
| 008 | 240320c2010 ge ||||| |||| 00| 0 geo d | ||
| 022 | _a15120880 | ||
| 041 | _ageo | ||
| 245 |
_aსაქართველოს ბიბლიოთეკა : _b2010 / _c რედ.: ალექსანდრე ლორია, გურამ თაყნიაშვილი. |
||
| 260 |
_aთბილისი, _c2000- |
||
| 300 | _aV. | ||
| 653 | _aბიბლიოთეკა | ||
| 653 | _aპეიოდიკა | ||
| 700 |
_aლორია, ალექსანდრე _eრედქტორი. _921490 |
||
| 700 |
_aთაყნიაშვილი, გურამ _eრედაქტორი. _921480 |
||
| 942 |
_2udc _cCR |
||